Naruto quiz hard - Statistics

General Stats
  • This quiz has been taken 259 times
    254 since last reset
  • The average score is 59 of 161
Answer Stats
Hint Answer % Correct
Who invented edo tensei? Tobirama
94%
The copycat ninja Kakashi
89%
Konohas Yellow Flash Minato
84%
The criminal organisation which holds 9 specialist shinobi of their time Akatsuki
78%
Uchiha | Who killed Danzo? | wants to avenge his clan Sasuke
71%
Tsunade's lover Dan
70%
Visual prowess of the Uchiha sharingan
70%
Visual prowess of the Hyuga clan byakugan
68%
Kakashi and Obito's partner Rin
67%
has an IQ over 200 Shikamaru
66%
Uchiha Shin
66%
Hagoromos elder son | Uchiha Indra
65%
Hagoromos mother Kaguya
65%
seeks the ultimate immortality Orochimaru
65%
girl who's obsessed with sasuke Sakura
65%
What is the name of Kisames weapon? Samehada
65%
Hagoromos younger son Ashura
64%
Uchiha Madara
64%
Controls bugs | controls bugs whenever pleases Shino
64%
Kibas dog Akamaru
63%
Sasori's grandmother Chiyo
63%
4th gate pain
63%
Narutos favorite food ramen
63%
girl obsessed with Naruto Hinata
62%
Partners with Yahiko and Nagato Konan
62%
How many tomoe does Sasukes rinnegan posses? 6
61%
rank Genin
61%
10 sharingans Danzo
60%
Reanimation Justu edo tensei
60%
Shodaime Hokage Hashirama Senju
60%
Madara's Brother | Uchiha Izuna
60%
rank Jonin
60%
rank Chunin
59%
Sandaime Hokage Hiruzen Sarutobi
59%
Konohas white fang Sakumo
59%
uses scrolls to make weapons Tenten
59%
Naruto's favorite word Dattebayo
58%
Kaguya's son Hagoromo
58%
Yondaime Hokage Minato Namikaze
58%
Nidaime Hokage Tobirama Senju
58%
The red spiral on the back of Konoha vests symbolizes a friendship with which clan? Uzumaki
57%
Current wood style user Yamato
57%
Jirarya - _______ rasengan
56%
Allows the user to transfer anything to another dimension. Kamui
55%
Who defeated Jiraiya? Nagato
55%
rank Kage
54%
8th gate death
53%
Uchiha Itachi
53%
who is the first jinchuriki of the kyubi? Mito
53%
Name of Shizunes pig Tonton
52%
Kakashi - _______ chidori
51%
Whats the name of Nejis father? Hizashi
51%
Uchiha Obito
51%
hinata hyuga sister Hanabi
50%
Uchiha Shisui
49%
Orochimaru's favorite student Anko
48%
What is the name of the god of Hidan? Jashin
48%
Ino surname Yamanaka
48%
Uchiha Fugaku
47%
Physical shinobi combat Taijutsu
47%
Choji surname Akimichi
46%
"The fires from hell." Amaterasu
46%
what does the character on Gaara's forehead symbolize? love
46%
a snake orochimaru controls Manda
46%
Who killed this sound ninja? (Kidomaru) Neji
46%
A few seconds seem like many days as a mean to torture the target. (Genjutsu) Tsukuyomi
46%
Sasuke - Inferno style: Fire _____ Jutsu ball
45%
Who killed Dosu? Gaara
45%
Gaaras father Rasa
45%
It creates a gigantic, humanoid being that surrounds the user and fights on their behalf. Susanoo
45%
Frog boss Gamabunta
44%
Technique capable of altering destiny. Izanagi
42%
Technique that decides destiny. Izanami
42%
Kaguya surname Otsutsuki
41%
Pain - ________ Push almighty
40%
Zabuza surname Momochi
39%
Who killed Madara Uchiha? Black Zetsu
37%
legendary shinobi (and the leader of Amegakure) Hanzo
36%
Who killed Kisame? Himself
35%
3rd gate life
35%
Asuma and Kurenai's daughter Mirai
35%
1st gate opening
34%
What is Irukas last name? Umino
34%
6th gate joy
32%
Hamuras eyes Tenseigan
32%
what is Captain Yamato's "real name"? Tenzo
32%
How are Jiraiyas novels called? Icha Icha
31%
After it has been used, this jutsu requires a decade before it can be used again. Kotoamatsukami
31%
Jiraiya's estimate of Tsunade's breasts 106cm
29%
Naruto - Tailed Beast _____ bomb
28%
Who made Ichiraku ramen Teuchi
28%
5th gate closing
27%
Might Dai's Nickname Eternal Genin
27%
Blood limit kekkei genkai
27%
Ino jutsu Mind Transfer
27%
where do Naruto and Sasuke have their epic battle? Valley of the End
26%
what is Haku's kekkei genkai? Ice release
25%
rank Academy Student
24%
Minato’s signature technique flying raijin
24%
The eye that Boruto possesses Jougan
23%
What does the symbol on Jiraiyas headband mean? Oil
22%
shadow clone jutsu kage bunshin no jutsu
20%
Female with sharingan Sarada Uchiha
20%
Jiraiyas clone name Koji Kashin
19%
2nd gate healing
18%
Six Paths of Pain Deva Path
17%
Oldest frog in naruto Gamamaru
17%
Kabuto - __________ Jutsu reanimation
17%
7th gate shock
17%
Sasuke's most powerful jutsu Kirin
16%
Gaara's apprentice Matsuri
16%
What is the name of Madara Uchihas weapon? Gunbai
15%
Six Paths of Pain Human Path
15%
What does Itachi mean? Weasel
15%
Six Paths of Pain Asura Path
14%
Name of chakra tree god tree
14%
Uchiha Kagami
14%
Six Paths of Pain Preta Path
14%
Six Paths of Pain Animal Path
13%
What is the name of Zabuzas weapon? Executioners Blade
13%
Shikimaru jutsu Shadow Possesion
13%
tachi - Super _____ Explosion clone
11%
Female with sharingan Izumi Uchiha
11%
Six Paths of Pain Naraka Path
11%
Gaara - Sand _______ tsunami
11%
eader of Kara Isshiki
10%
kekkei genkai made by Second and Third Tsuchikages dust release
9%
Rock Lee's most powerful jutsu Hidden Lotus
9%
The user summons a large gate (summoning jutsu) rashomon
9%
Shikamaru's Jutsu (against Tayuya) Shadow Strangle jutsu
9%
Only person naruto killed Yura
9%
Choji jutsu Body Expansion
8%
Choji's Main jutsu Human Boulder
8%
Female with sharingan Naori Uchiha
8%
Uchiha Tajima
8%
Guy's Strongest jutsu Hirudora
6%
who is the eldest genin? Kosuke
6%
Kakashi's signature Lightning blade
6%
monk with heaven-sent hand Sora
6%
What did Jiraiya code says? the real ones not among them
6%
Sakura - Cherry Blossom _____ clash
4%
This is a secret taijutsu of the Hyuga clan Eight Trigrams Sixty Four Palms
4%
Shisui - Uchiha Style ____ Dance halo
4%
Madara - _________ Heaven shattered
4%
Temari's jutsu Wind Scythe
4%
Country Country of earth
3%
Country Country of fire
3%
Country Country of rain
3%
Country Country of water
3%
Country Country of wind
3%
What is the name of Madara Uchiha's grand plan? Project Tsuki no Me
3%
Country Country of lighting
2%
calls down a meteor from the upper atmosphere tengai shinsei
2%
Country Country of rice
1%
Whats is most strongest narutos jutsu? Six Paths Ultra Big Ball Rasenshuriken
1%
Itachis crow Yatagarasu
0%
No matching quizzes found
Score Distribution
Percent of People with Each Score
Percentile by Number Answered
Your Score History
You have not taken this quiz since the last reset